Ribbons /

A promising young ballet student cannot afford to continue lessons when her Chinese grandmother emigrates from Hong Kong, creating jealousy and conflict among the entire family.

Bibliographic Details
Main Author: Yep, Laurence, 1948-
Format: Book
Language:English
Published: New York : G.P. Putnam's Sons, 1996.
Subjects:

MARC

Tag First Indicator Second Indicator Subfields
LEADER 00000cam a2200000 a 4500
001 in00001408079
005 20151020070206.0
008 950811s1996 nyu j 000 1 eng
010 |a  95033488  
019 |a 35037337 
020 |a 039922906X 
035 |a (OCoLC)33041931 
035 |9 AHP8460AM 
040 |a DLC  |c DLC  |d UtOrBLW 
049 |a TXAG 
050 0 0 |a PZ7.Y44  |b Ri 1996 
082 0 0 |a [Fic]  |2 20 
100 1 |a Yep, Laurence,  |d 1948- 
245 1 0 |a Ribbons /  |c Laurence Yep. 
264 1 |a New York :  |b G.P. Putnam's Sons,  |c 1996. 
300 |a 179 pages ;  |c 22 cm. 
336 |a text  |b txt  |2 rdacontent 
337 |a unmediated  |b n  |2 rdamedia 
338 |a volume  |b nc  |2 rdacarrier 
500 |a Sequel: The cook's family. 
520 |a A promising young ballet student cannot afford to continue lessons when her Chinese grandmother emigrates from Hong Kong, creating jealousy and conflict among the entire family. 
650 0 |a Chinese Americans  |v Juvenile fiction. 
650 1 |a Chinese Americans  |x Fiction. 
650 1 |a Grandmothers  |x Fiction. 
650 1 |a Ballet dancing  |x Fiction. 
650 1 |a Chinese  |z United States  |x Fiction. 
650 1 |a Family life  |x Fiction. 
999 |a MARS 
999 f f |s bff7c75a-8304-3e87-a9c0-5d902690f08c  |i 6eca0bf5-a386-31f1-b3e3-6f1abec9d545  |t 0 
952 f f |p ric  |a Texas A&M University  |b Rellis Campus  |c Joint Library Facility  |d Remote Storage  |t 0  |e PZ7.Y44 Ri 1996  |h Library of Congress classification  |i unmediated -- volume  |m A14822241988 
998 f f |a PZ7.Y44 Ri 1996  |t 0  |l Remote Storage